00309nam a2200121Ia 4500008004100000020001200041050001500053100002500068245003700093260002000130300002400150650001300174150202s9999 xx 000 0 und d a6472575 aFIC bFIC  aSmith, Martin Cruz.  aRed square /cMartin Cruz Smith. aLondon :c1992. a473 pages :c18 cm. aFiction.